000 00646nmm a2200193Ia 4500
008 251105s9999||||xx |||||||||||||||||und||
020 _a9788437090245
041 _aspa
100 _aChaves, Rafael
245 0 _aLa economía social y la cooperación al desarrollo :
_b Una perspectiva internacional
264 _a[Madrid, España] :
_bPublicaciones de la Universidad de Valencia (PUV),
_c2012
300 _a244 páginas
490 _aLa nau solidària
650 _aEconomics and Business
700 _aChaves, Rafael
700 1 _a Pérez de Uralde, José Mª
856 _uhttps://public.digitaliapublishing.com/a/39418
942 _cCF
999 _c63937
_d63937